Pablo Sycet (Record no. 15503)

MARC details
000 - LÍDER
campo de control de longitud fija 00944nam a2200205Ia 4500
008 - ELEMENTOS DE DATOS DE LONGITUD FIJA - INFORMACIÓN GENERAL
campo de control de longitud fija 0000002006 sp ad 0000000000spa00
090 ## - NÚMERO DE LLAMADA DE TIPO LC LOCALMENTE ASIGNADO (OCLC)
Número de clasificación (OCLC) (R) PSP00 V38p
100 1# - ENTRADA PRINCIPAL - NOMBRE PERSONAL
Nombre de la persona Vinatea, Eduardo
245 10 - TÍTULO DECLARACIÓN
Título Pablo Sycet
Resto del título : corazonadas, pinturas 19812006
Declaración de responsabilidad / textos de Eduardo Vinatea y Pablo Sycet ; fotografías Luis Jurado y José Lamarca
260 ## - PUBLICACIÓN, DISTRIBUCIÓN
Lugar de publicación Madrid : Centro Municipal de las Artes, Ayuntamiento de Alcorcón
Fecha de publicación 2006
300 ## - DESCRIPCIÓN FÍSICA
Alcance 96 p.
Dimensiones / 23 cm. + 1 CD
500 ## - NOTA GENERAL
Nota general Exposición realizada en el Ayuntamiento de Alcorcón, Madrid, España en 2008 \ Incluye datos biográficos y cronología artística \ El CD acompañante consultarlo con la clasificación:
600 00 - ENTRADA DE SUJETO AÑADIDO - NOMBRE PERSONAL
Nombre de la persona SYCET, PABLO, 1953/
Subdivisión general TRABAJOS PICTORICOS
650 14 - ENTRADA DE SUJETO AÑADIDO - TÉRMINO TÓPICO
Término tópico o elemento de entrada del nombre geográfico PINTURA ESPAÑOLA
650 14 - ENTRADA DE SUJETO AÑADIDO - TÉRMINO TÓPICO
Término tópico o elemento de entrada del nombre geográfico ARTE CONTEMPORANEO ESPAÑOL
650 14 - ENTRADA DE SUJETO AÑADIDO - TÉRMINO TÓPICO
Término tópico o elemento de entrada del nombre geográfico ARTISTAS PLASTICOS ESPAÑOLES
650 14 - ENTRADA DE SUJETO AÑADIDO - TÉRMINO TÓPICO
Subdivisión general CATALOGOS
650 14 - ENTRADA DE SUJETO AÑADIDO - TÉRMINO TÓPICO
Subdivisión general EXPOSICIONES
700 1# - ENTRADA AGREGADA - NOMBRE PERSONAL
Nombre de la persona Sycet, Pablo, 1953
Holdings
Estado de retirada Pérdida de estatus Estado dañado No para préstamo Código de recogida Ubicación permanente Ubicación actual Ubicación de las estanterías Fecha de adquisición Número de llamada completo Código de barras Fecha de la última vez que se vio Número de copia Precio efectivo desde Tipo de artículo Koha
        General ArtNexus ArtNexus General 06/09/2022 P-SP-00 V38P 15817 06/09/2022 Ej.1 06/09/2022 Libro

Powered by Koha